Responses for Show #2400 - Friday, January 27, 1995

Contestants

[<< previous game]

Dave Sanders, a physician from Strathroy, Ontario, Canada

Bruce Marshall, an astrologer from Cleveland Heights, Ohio

Claud Argall, a financial services manager from Sparks, Nevada (whose 2-day cash winnings total $25,398)

Jeopardy! Round responses

STATE CAPITALS
THE MOVIES
GAMBLING
SICKNESS & HEALTH
LANGUAGES
ELEPHANT ODDS & ENDS
    $100 18
Honolulu

Claud
    $100 1
Conan the Barbarian

Bruce
    $100 11
bingo

Claud
    $100 2
lungs

Bruce
    $100 15
Sardinian

Claud
    $100 26
white

Claud
    $200 19
Napoleon

Dave
    $200 7
George M. Cohan

Claud
    $200 12
the shooter

Claud
    $200 3
influenza

Dave
    $200 14
(Mandarin) Chinese

Claud
    $200 27
pink elephants

Dave
    $300 20
Albany, New York

Dave
    $300 8
Jodie Foster

Claud
    $300 13
blackjack

Bruce
    $300 4
tonsils

Dave
    $300 22
Africa

Bruce
    $300 28
(Dave: What is a mammoth?)

elephant bird

Dave
Triple Stumper
    $400 21
Missouri River

Bruce
    $400 9
Heaven's Gate

Claud
    $400 16
flush

Claud
    $500 5
kidneys

Dave
    $400 23
Frisian

Dave
    $400 29
taro

Triple Stumper
    $500 25
(Claud: What is Phoenix?)
(Bruce: What is Arizona?)
(Dave: What is Albuquerque?)

Santa Fe, New Mexico

ClaudBruceDave
Triple Stumper
    $500 10
Debra Winger

Claud
    $500 17
baccarat

Dave
    $500 6
thyroid

Claud
    $500 24
Swedish

Dave
    $500 30
(Claud: Who is Vishnu?)

Shiva

ClaudBruce

Scores at the first commercial break (after clue 15):

Claud Bruce Dave
$2,500 $500 $1,000

Scores at the end of the Jeopardy! Round:

Claud Bruce Dave
$2,100 $1,200 $2,300

Double Jeopardy! Round responses

THE 20th CENTURY
AMERICAN MUSEUMS
BUSINESS & INDUSTRY
BIBLICAL PEOPLE
WORLD CITIES
SPEAK OF THE DICKINSON
    $200 1
Panama Canal Zone

Bruce
    $200 6
Iowa

Bruce
    $200 9
Bic

Claud
    $200 27
Aaron

Dave
    $200 16
Mexico

Claud
    $200 14
the Civil War

Claud
    $400 2
Baghdad

Bruce
    $400 7
Picasso

Bruce
    $400 10
(Bruce: What is Guinness....the Guinness Brewery?)

The Guinness Book of World Records

BruceDave
    $400 28
Abraham

Triple Stumper
    $400 17
(Bruce: What is Alexandria?)

Cairo

ClaudBruce
    $400 15
the number of works she had published when she was alive

Dave
    $600 3
(Bruce: Who was Kefauver?)

Joseph Valachi

BruceDave
    $600 8
Faberge

Claud
    $600 11
Woolworth

Dave
    $1,000 26
(Bruce: Who is Judas?)
[Initially ruled incorrect; reversed before Final Jeopardy! because "Bruce, you can well argue since Judas had committed suicide, he wasn't there either, so we're crediting you with a correct response."]

"Doubting" Thomas

Bruce
    $600 19
(Claud: What is Belfast?)

Dublin

ClaudDave
    $600 18
death

Dave
    $800 4
the DEW Line

Bruce
    $800 22
Henry Moore

Dave
    $800 12
Ray Kroc

Claud
    $800 29
[end-of-round signal sounds]

Nebuchadnezzar

Dave
    $800 20
(Bruce: What is Kowloon?)

Victoria

Bruce
Triple Stumper
    $800 24
Amherst, Massachusetts

Bruce
    $1000 5
Pakistan

Bruce
    $1000 23
Maurice Sendak

Claud
    $1,000 13
(Claud: What is Squibb?)

Bayer

Claud
    $1000 21
Delft

Bruce
    $1000 25
(Alex: Less than a minute to go, Bruce.)

Helen Hunt Jackson

Triple Stumper

Scores at the end of the Double Jeopardy! Round:

Claud Bruce Dave
$3,900 $4,800 $7,300

[wagering suggestions for these scores]

Final Jeopardy! Round responses

FICTIONAL CHARACTERS
ClaudWho is Sherlock Holmes
$3,899
BruceWho is Sherlock Holmes
$3,001
DaveWho is Sherlock Holmes?
$2,301
Sherlock Holmes

Final scores:

Claud Bruce Dave
$7,799 $7,801 $9,601
3rd place: set of Caribou luggage 2nd place: Gibson 3-piece kitchen + Kitchen Aid appliances New champion: $9,601

Game dynamics:

Coryat scores:

Claud Bruce Dave
$4,900 $4,400 $7,200
19 R,
4 W
(including 1 DD)
15 R
(including 1 DD),
5 W
18 R
(including 1 DD),
2 W

Combined Coryat: $16,500

[game clues] [game scores] [suggest correction]

Game tape date: 1994-11-08
The J! Archive is created by fans, for fans. Scraping, republication, monetization, and malicious use prohibited; this site may use cookies and collect identifying information. See terms. The Jeopardy! game show and all elements thereof, including but not limited to copyright and trademark thereto, are the property of Jeopardy Productions, Inc. and are protected under law. This website is not affiliated with, sponsored by, or operated by Jeopardy Productions, Inc. Join the discussion at JBoard.tv.